The house of Mapuhi = La casa de Mapuhi / (Registro nro. 13008)
[ vista simple ]
| 000 -LIDER | |
|---|---|
| fixed length control field | 00716nam a22002417a 4500 |
| 003 - IDENTIFICACDOR DE NÚMERO DE CONTROL | |
| control field | DO-SdBNP |
| 005 - DATE AND TIME OF LATEST TRANSACTION | |
| control field | 20171129133937.0 |
| 008 - ELEMENTOS DE LONGITUD FIJA | |
| fixed length control field | 161031b 2007 sp 00| 0 spa d |
| 040 ## - FUENTE DE CATALOGACIÓN | |
| Agencia que crea de manera original el registro | BPMSU |
| Idioma de catalogación | spa |
| Agencia que realiza la transcripción | BPMSU |
| 041 ## - CÓDIGOS DE OBRAS TRADUCIDAS O EN VARIOS IDIOMAS | |
| Código del idioma del texto/archivo de sonido o separata | spa. |
| Código del idioma del resumen, abstract o subtítulo | eng. |
| 082 ## - NÚMERO DE CLASIFICACIÓN DECIMAL DE DEWEY | |
| Classification number | xxxx |
| Item number | xxxx |
| 100 1# - ASIENTO PRINCIPAL -- NOMBRE PERSONAL | |
| Nombre personal | London, Jack |
| 245 14 - MENCIÓN DE TITULO | |
| Título | The house of Mapuhi = La casa de Mapuhi / |
| Mención de responsabilidad | Jack London |
| 260 ## - PUBLICACIÓN, DISTRIBUCIÓN, ETC. (PIE DE IMPRENTA) | |
| Lugar de publicación, distribución, etc | Barcelona : |
| Nombre del editor, distribuidor, etc. | Pasa, |
| -- | La Vanguardia, |
| Fecha de publicación, distribución, etc | 2007. |
| 300 ## - DESCRIPCIÓN FÍSICA | |
| Extensión | 61 p. : |
| Dimensiones | 21 cm. |
| 490 0# - MENCIÓN DE SERIES | |
| Mención de serie | Textos bilingües |
| 500 ## - NOTA GENERAL | |
| Nota general | Versiones bilingües abreviadas y simplificadas. |
| 830 #0 - ASIENTO SECUNDARIO DE SERIE--TÍTULO UNIFORME | |
| Título uniforme | Textos bilingües |
| 910 ## - VALIDACIÓN | |
| Validación | 000144 |
| 942 ## - ADDED ENTRY ELEMENTS (KOHA) | |
| Source of classification or shelving scheme | Dewey Decimal Classification |
| Koha item type | Libros |
| 945 ## - INFORMACIÓN DE PROCESAMIENTO LOCAL | |
| Información de procesamiento local | Inventariado extranjero / 2017 YL |
| 956 ## - LOCAL ELECTRONIC LOCATION AND ACCESS (OCLC) | |
| Nombre de host | YLOCKWARD |
| Número de acceso | 10 |
| Información de compresión | 20171122 |
| Trayectoria | 00144 |
| Withdrawn status | Lost status | Source of classification or shelving scheme | Damaged status | Not for loan | Collection code | Home library | Current library | Date acquired | Source of acquisition | Total Checkouts | Full call number | Barcode | Date last seen | Price effective from | Koha item type |
|---|---|---|---|---|---|---|---|---|---|---|---|---|---|---|---|
| Dewey Decimal Classification | Colección General | Biblioteca Pública Metropolitana Salomé Ureña | Biblioteca Pública Metropolitana Salomé Ureña | 11/22/2017 | Donado por Fundi | xxxx xxxx | BPMSU17110322 | 11/22/2017 | 11/22/2017 | Libros |